Southville International School and Colleges
Your cart is empty.
  • Cart
  • Lists
    Public lists Eva Luna New books Lux_list list_1
    Your lists Log in to create your own lists
  • Log in to your account
  • Your cookies
  • Search history
Southville International School and Colleges
  • Advanced search
  • Recent comments
  • Most popular
  • Libraries

Log in to your account

Log in with GOOGLE


If you do not have an external account, but do have a local account, you can still log in:

  1. Home
  2. MARC view: Fundamentals of planning and developing tourism /
Normal view MARC view ISBD view

Fundamentals of planning and developing tourism / (Record no. 356639)

[ view plain ]
MARC details
000 -LEADER
fixed length control field 00661nam a2200217Ia 4500
008 - FIXED-LENGTH DATA ELEMENTS--GENERAL INFORMATION
fixed length control field 180523s9999 xx 000 0 und d
020 ## - INTERNATIONAL STANDARD BOOK NUMBER
International Standard Book Number 978-981-0696-60-3
050 ## - LIBRARY OF CONGRESS CALL NUMBER
Classification number MAIN G 155.A1
050 ## - LIBRARY OF CONGRESS CALL NUMBER
Item number .K37 2012 c.2
100 ## - MAIN ENTRY--PERSONAL NAME
Personal name Kastarlak, Bulent I.
245 #0 - TITLE STATEMENT
Title Fundamentals of planning and developing tourism /
245 #0 - TITLE STATEMENT
Statement of responsibility, etc Bulent I. Kastarlak; Brian Barber, technical editor.
260 ## - PUBLICATION, DISTRIBUTION, ETC. (IMPRINT)
Place of publication, distribution, etc Singapore :
260 ## - PUBLICATION, DISTRIBUTION, ETC. (IMPRINT)
Name of publisher, distributor, etc Pearson Education South Asia,
260 ## - PUBLICATION, DISTRIBUTION, ETC. (IMPRINT)
Date of publication, distribution, etc 2012
300 ## - PHYSICAL DESCRIPTION
Extent 457 pages :
300 ## - PHYSICAL DESCRIPTION
Dimensions 24 cm.
500 ## - GENERAL NOTE
General note Includes bibliographical references and index.
650 ## - SUBJECT ADDED ENTRY--TOPICAL TERM
Topical term or geographic name as entry element Tourism -- Management.
650 ## - SUBJECT ADDED ENTRY--TOPICAL TERM
General subdivision Tourism -- Planning.
Holdings
Withdrawn status Lost status Damaged status Home library Current library Shelving location Date acquired Total Checkouts Full call number Barcode Date last seen Price effective from Koha item type
      South Mansfield College South Mansfield College   11/16/2012   MAIN G 155.A1 .K37 2012 c.2 SMC05815 05/23/2018 05/23/2018  

Fundamentals of planning and developing tourism /

APA

Kastarlak B. I., .Fundamentals of planning and developing tourism. Singapore: .

Chicago

Kastarlak Bulent I, .Fundamentals of planning and developing tourism. Singapore: .

Harvard

Kastarlak B. I., .Fundamentals of planning and developing tourism. Singapore: .

MLA

Kastarlak Bulent I, .Singapore: . .

  • Place hold
  • Print
  • Cite
  • Add to your cart (remove)
  • Save record
    BIBTEX Dublin Core MARCXML MARC (non-Unicode/MARC-8) MARC (Unicode/UTF-8) MARC (Unicode/UTF-8, Standard) MODS (XML) RIS
  • More searches
    Search for this title in:
    Other Libraries (WorldCat) Other Databases (Google Scholar) Online Stores (Bookfinder.com) Open Library (openlibrary.org)

Exporting to Dublin Core...

SOUTHVILLE LIBRARY

Southville International School and Colleges Library

1281 Tropical Ave. Cor. Luxembourg St., BF Homes International, Las Pinas City

Tel. No. 8256374 / 252358 Loc. 117/146

Powered by Koha